The cruise of the Alabama and the Sumter (Record no. 2768)
[ view plain ]
| 000 -LEADER | |
|---|---|
| fixed length control field | 01398nam a2200301Ia 4500 |
| 100 1# - MAIN ENTRY--AUTHOR NAME | |
| Personal name | Semmes, Raphael, |
| 245 14 - TITLE STATEMENT | |
| Title | The cruise of the Alabama and the Sumter |
| 260 ## - PUBLICATION, DISTRIBUTION, ETC. (IMPRINT) | |
| Place of publication | Scituate, Mass. : |
| Name of publisher | Digital Scanning, |
| Year of publication | 2001. |
| 300 ## - PHYSICAL DESCRIPTION | |
| Number of Pages | x, 346 p. : |
| Other physical details | 5 pl. (ports.). |
| 500 ## - GENERAL NOTE | |
| General note | Originally published: The cruise of the Alabama and the Sumter: From the private journals and other papers of Commander R. Semmes, C.S.N., and other officers. New York: Carleton; London: Saunders, Otley, & Co., 1864. |
| 856 40 - ELECTRONIC LOCATION AND ACCESS | |
| Uniform Resource Identifier | http://site.ebrary.com/lib/rucke/Doc?id=5000336 |
No items available.
